Loading...
| Literature - British | 0 | 3 | 0 | 0 | 30 | 113 | 117.67 | 0 | 1 | 0.00 | 0.00 |
| Fine Arts - Classical Music | 0 | 2 | 0 | 1 | 20 | 107 | 116.50 | 0 | 0 | 0.00 | 0.00 |
| Current Events | 0 | 2 | 0 | 1 | 20 | 33 | 48.00 | 0 | 1 | 0.00 | 0.00 |
| History - Other | 0 | 2 | 0 | 0 | 20 | 76 | 94.50 | 0 | 0 | 0.00 | 0.00 |
| Literature - American | 0 | 2 | 0 | 0 | 20 | 62 | 84.00 | 0 | 2 | 0.00 | 0.00 |
| Literature - European | 0 | 2 | 0 | 0 | 20 | 59 | 84.50 | 0 | 1 | 0.00 | 0.00 |
| Painting/Sculpture | 0 | 2 | 0 | 0 | 20 | 61 | 88.50 | 0 | 1 | 0.00 | 0.00 |
| Pop Culture | 0 | 2 | 0 | 0 | 20 | 64 | 74.00 | 0 | 1 | 0.00 | 0.00 |
| Fine Arts - Other | 0 | 2 | 1 | 0 | 15 | 60 | 68.00 | 0 | 2 | 0.00 | 0.00 |
| Science - Other | 0 | 1 | 0 | 1 | 10 | 78 | 78.00 | 0 | 0 | 0.00 | 0.00 |
| Literature - World | 0 | 1 | 0 | 0 | 10 | 68 | 68.00 | 0 | 1 | 0.00 | 0.00 |
| Geography | 0 | 1 | 0 | 0 | 10 | 76 | 76.00 | 1 | 1 | 0.00 | 0.00 |
| Mythology | 0 | 1 | 0 | 1 | 10 | 122 | 122.00 | 0 | 0 | 0.00 | 0.00 |
| History - World | 0 | 1 | 0 | 1 | 10 | 103 | 103.00 | 0 | 0 | 0.00 | 0.00 |
| Religion | 0 | 1 | 0 | 0 | 10 | 108 | 108.00 | 0 | 0 | 0.00 | 0.00 |
| History - European | 0 | 0 | 1 | 0 | -5 | 0.00 | 0 | 0 | 0.00 | 0.00 |